[Event "XXVIII Festival Conca della Presolana A"]
[Site "Bratto - Castione della Presolana ITA"]
[Date "2008.08.23"]
[Round "2"]
[White "Vancini, Edoardo"]
[Black "Galli, Fabio"]
[Result "1/2-1/2"]
[WhiteElo "2273"]
[BlackElo "2070"]
[PlyCount "67"]
[EventDate "2008.08.22"]

1. e4 d6 2. d4 e5 3. dxe5 dxe5 4. Qxd8+ Kxd8 5. Bc4 f6 6. Be3 Nd7 7. Nd2 c6 8.
a4 Bc5 9. Nf1 Bxe3 10. Nxe3 Nc5 11. f3 Ne7 12. Ne2 Be6 13. f4 Kc7 14. O-O Rhf8
15. Bxe6 Nxe6 16. fxe5 fxe5 17. Nc4 Ng6 18. Rf5 Nd4 19. Nxd4 exd4 20. Raf1 Rae8
21. Rf7+ Rxf7 22. Rxf7+ Re7 23. Rxe7+ Nxe7 24. Kf2 c5 25. Kf3 Kd7 26. e5 Ke6
27. Ke4 Nc6 28. Nd6 b6 29. Ne8 g5 30. Nc7+ Kd7 31. Nd5 Ke6 32. Nc7+ Kd7 33. Nd5
Ke6 34. Nc7+ 1/2-1/2

[Event "XXVIII Festival Conca della Presolana A"]
[Site "Bratto - Castione della Presolana ITA"]
[Date "2008.08.23"]
[Round "2"]
[White "Vignoli, Matteo"]
[Black "Radice, Luca"]
[Result "0-1"]
[WhiteElo "1992"]
[BlackElo "2098"]
[PlyCount "112"]
[EventDate "2008.08.22"]

1. e4 e6 2. d4 d5 3. Nc3 Bb4 4. e5 Qd7 5. a3 Bxc3+ 6. bxc3 b6 7. a4 Ba6 8. Bxa6
Nxa6 9. Nf3 Nb8 10. O-O Nc6 11. Ba3 Nge7 12. Bb4 a5 13. Ba3 h6 14. Qe2 g5 15.
Rfd1 O-O-O 16. Qa6+ Kb8 17. Rab1 Qc8 18. Qb5 Ka7 19. Nd2 Qa6 20. Nb3 Rhe8 21.
Rd3 Rg8 22. Rf3 Rg7 23. Rf6 Rh7 24. g4 Rd7 25. Nd2 Qxb5 26. axb5 Nd8 27. Re1
Ng6 28. Re3 h5 29. h3 hxg4 30. hxg4 Rh4 31. Rg3 Nf4 32. Nf3 Ne2+ 33. Kg2 Nxg3
34. Nxh4 Ne4 35. Nf3 Nxc3 36. Nxg5 Nxb5 37. Bb2 c5 38. c3 cxd4 39. cxd4 a4 40.
f4 a3 41. Ba1 Rc7 42. Nxf7 Rxf7 43. Rxf7+ Nxf7 44. f5 Nc7 45. Kf3 Ka6 46. f6
Kb5 47. Kf4 Kc4 48. g5 Nh8 49. Kg4 b5 50. Kh5 b4 51. g6 Nxg6 52. Kxg6 b3 53. f7
b2 54. Bxb2 axb2 55. f8=Q b1=Q+ 56. Kg7 Qg1+ 0-1

[Event "XXVIII Festival Conca della Presolana A"]
[Site "Bratto - Castione della Presolana ITA"]
[Date "2008.08.23"]
[Round "2"]
[White "Vinzoni, Andrea"]
[Black "Gallucci, Alessio"]
[Result "1-0"]
[WhiteElo "2062"]
[BlackElo "2152"]
[PlyCount "103"]
[EventDate "2008.08.22"]

1. d4 Nf6 2. c4 e6 3. Nc3 Bb4 4. e3 b6 5. Bd3 Bb7 6. Nf3 O-O 7. O-O c5 8. Bd2
cxd4 9. exd4 d5 10. Bg5 dxc4 11. Bxc4 Nbd7 12. Qe2 Rc8 13. Ne5 h6 14. Bh4 Nxe5
15. dxe5 Qd4 16. exf6 Qxh4 17. fxg7 Rfd8 18. Ba6 Bxa6 19. Qxa6 Rc5 20. Rad1 Rh5
21. Rxd8+ Qxd8 22. g3 Qd4 23. Rd1 Qg4 24. Rd8+ Kxg7 25. Qc8 Kf6 26. Nd5+ Rxd5
27. Rxd5 Qe2 28. Qh8+ Kg6 29. Qg8+ Kf6 30. Qh8+ Kg6 31. Qe5 Qc2 32. Rd4 Qc1+
33. Kg2 Bf8 34. Rg4+ Kh7 35. Qf6 Qc6+ 36. Qf3 Qd7 37. Rf4 f5 38. Rc4 b5 39. Rc3
Bg7 40. Rd3 Qc8 41. b3 b4 42. Qd1 Qb7+ 43. Kg1 Qa6 44. Qd2 Bc3 45. Rd7+ Kg6 46.
Qd6 Qe2 47. Qd3 Qxa2 48. Qc4 Kf6 49. Kg2 Qa5 50. Qh4+ Kg6 51. Qe7 f4 52. Qf7+
1-0

[Event "XXVIII Festival Conca della Presolana A"]
[Site "Bratto - Castione della Presolana ITA"]
[Date "2008.08.23"]
[Round "2"]
[White "Vocaturo, Daniele"]
[Black "Pegoraro, Nicola"]
[Result "1-0"]
[WhiteElo "2417"]
[BlackElo "2021"]
[PlyCount "79"]
[EventDate "2008.08.22"]

1. e4 c5 2. Nf3 d6 3. d4 cxd4 4. Nxd4 Nf6 5. Nc3 a6 6. Bg5 e6 7. f4 Qb6 8. Qd2
Qxb2 9. Rb1 Qa3 10. e5 Nfd7 11. Rb3 Qa5 12. exd6 Nc5 13. Ra3 Qxa3 14. Ndb5 axb5
15. Nxb5 Qa5 16. d7+ Bxd7 17. Qxa5 Nba6 18. Qb6 f6 19. Bh4 Be7 20. Nd6+ Bxd6
21. Qxd6 O-O-O 22. Bxa6 Nxa6 23. O-O Rhe8 24. Qa3 Bc6 25. h3 Rd2 26. Rf2 Rxf2
27. Bxf2 e5 28. fxe5 fxe5 29. Qg3 g6 30. Qh4 e4 31. Be3 Nb4 32. Qxh7 Nd5 33.
Qh6 Nxe3 34. Qxe3 Re6 35. Kf2 Kd7 36. Qd4+ Ke7 37. Ke3 Kf7 38. a4 Re7 39. a5
Re6 40. h4 1-0

[Event "XXVIII Festival Conca della Presolana A"]
[Site "Bratto - Castione della Presolana ITA"]
[Date "2008.08.23"]
[Round "2"]
[White "Zilahi, Gabor"]
[Black "Tramalloni, Luca"]
[Result "0-1"]
[WhiteElo "2013"]
[BlackElo "2109"]
[PlyCount "100"]
[EventDate "2008.08.22"]

1. d4 e6 2. Nf3 Nf6 3. g3 b5 4. Bg2 Bb7 5. O-O c5 6. c3 Qc7 7. Re1 d6 8. Nbd2
Nbd7 9. e4 Be7 10. b3 O-O 11. Bb2 Rfe8 12. Rc1 Rac8 13. c4 bxc4 14. e5 c3 15.
Bxc3 Nd5 16. Bb2 Nb4 17. Nc4 d5 18. Ne3 Ba6 19. Ba3 Nd3 20. Bf1 Nxe1 21. Bxa6
Nxf3+ 22. Qxf3 Rb8 23. Bf1 Qa5 24. Nc2 cxd4 25. Bxe7 Rxe7 26. Nxd4 Nxe5 27. Qf4
f6 28. a4 Qd8 29. Qd2 Qb6 30. Kg2 Ree8 31. Bb5 Rec8 32. Re1 a6 33. a5 Qd6 34.
Bf1 Re8 35. Rc1 Qb4 36. Qb2 Qxa5 37. Ra1 Qc5 38. Rxa6 Rb6 39. Rxb6 Qxb6 40. Qc3
Rb8 41. Bb5 Ng6 42. Ba4 Ne7 43. Qd3 e5 44. Ne2 d4 45. Qc4+ Kf8 46. h4 Qb7+ 47.
Kh2 Qf3 48. Kg1 Rc8 49. Qb5 d3 50. Nc3 d2 0-1

[Event "XXVIII Festival Conca della Presolana A"]
[Site "Bratto - Castione della Presolana ITA"]
[Date "2008.08.23"]
[Round "2"]
[White "Zoldan, Matteo"]
[Black "Madiai, Federico"]
[Result "1/2-1/2"]
[WhiteElo "2203"]
[BlackElo "2066"]
[PlyCount "108"]
[EventDate "2008.08.22"]

1. c4 c6 2. e4 e5 3. Nf3 Qc7 4. d4 Bb4+ 5. Bd2 Bxd2+ 6. Qxd2 Nf6 7. dxe5 Nxe4
8. Qe3 Qa5+ 9. Nbd2 Nxd2 10. Nxd2 O-O 11. Bd3 Re8 12. f4 d6 13. O-O dxe5 14.
Nb3 Qc7 15. Rae1 e4 16. Bxe4 Bf5 17. Qd4 Bxe4 18. Rxe4 Rxe4 19. Qxe4 Nd7 20.
Qe7 Qd8 21. Qxd8+ Rxd8 22. Rd1 b6 23. c5 Kf8 24. Rd6 Ke7 25. Rxc6 Nxc5 26. Nxc5
bxc5 27. Rxc5 Rd1+ 28. Kf2 Rd2+ 29. Kf3 Rxb2 30. Rc7+ Kf6 31. Rxa7 h5 32. Ra6+
Kf5 33. Ra5+ Kg6 34. a4 Ra2 35. Ra8 Kf5 36. Ra5+ Kg6 37. Rg5+ Kh6 38. Ra5 Kg6
39. Ra8 Kf5 40. Ra5+ Kg6 41. h4 f6 42. f5+ Kh6 43. Ra6 Ra3+ 44. Kf4 Ra1 45. Ra5
Rf1+ 46. Kg3 Ra1 47. Ra8 Kh7 48. Kf2 Ra2+ 49. Kg3 Ra1 50. Kf2 Ra2+ 51. Kf3 Ra1
52. Ra5 Rf1+ 53. Kg3 Ra1 54. Kf4 Rf1+ 1/2-1/2

[Event "XXVIII Festival Conca della Presolana A"]
[Site "Bratto - Castione della Presolana ITA"]
[Date "2008.08.24"]
[Round "3"]
[White "Andreoli, Renato"]
[Black "Angelini, Marco"]
[Result "1/2-1/2"]
[WhiteElo "2139"]
[BlackElo "1987"]
[PlyCount "55"]
[EventDate "2008.08.22"]

1. Nf3 Nf6 2. g3 d5 3. Bg2 Bf5 4. c4 e6 5. Qb3 Qc8 6. cxd5 exd5 7. Nc3 c6 8.
O-O Bd6 9. d3 O-O 10. Bg5 Nbd7 11. Rad1 Qc7 12. Nd4 Bg6 13. e4 dxe4 14. dxe4 a6
15. h3 Rfe8 16. Rfe1 h6 17. Bxf6 Nxf6 18. f4 Bc5 19. Kh2 Rad8 20. Qc4 Ba7 21.
e5 Nd7 22. Ne4 Nb6 23. Qc1 Bxe4 24. Bxe4 Nc8 25. Nf5 Qb6 26. Bg2 Rxd1 27. Rxd1
Rd8 28. Nd6 1/2-1/2

[Event "XXVIII Festival Conca della Presolana A"]
[Site "Bratto - Castione della Presolana ITA"]
[Date "2008.08.24"]
[Round "3"]
[White "Astengo, Corrado"]
[Black "Marguerettaz, Davy"]
[Result "1-0"]
[WhiteElo "2121"]
[BlackElo "1987"]
[PlyCount "107"]
[EventDate "2008.08.22"]

1. e4 c5 2. Nf3 Nc6 3. d4 cxd4 4. Nxd4 g6 5. Nc3 Bg7 6. Be3 Nf6 7. Nxc6 bxc6 8.
e5 Ng8 9. Bd4 Nh6 10. e6 O-O 11. Bxg7 Kxg7 12. Qd4+ Kg8 13. exd7 Qxd7 14. Qxd7
Bxd7 15. O-O-O Be6 16. Ba6 Ng4 17. Rd2 Rad8 18. Rhd1 Rxd2 19. Rxd2 Rb8 20. h3
Ne5 21. f4 Nc4 22. Bxc4 Bxc4 23. Rd7 Bf1 24. g3 Bxh3 25. Rxe7 a6 26. Ne4 Rd8
27. Rc7 Bg2 28. Nf6+ Kg7 29. Nd7 Bf3 30. b3 Bg4 31. Ne5 Rd1+ 32. Kb2 Be6 33.
Nxc6 Rg1 34. Nd8 Kf6 35. Nxe6 Kxe6 36. Rc3 Kf5 37. b4 h5 38. a4 h4 39. gxh4
Kxf4 40. b5 axb5 41. axb5 Re1 42. b6 Re8 43. b7 Rb8 44. Rc7 f5 45. c4 Ke3 46.
c5 f4 47. c6 f3 48. Rc8 f2 49. Rxb8 f1=Q 50. Re8+ Kd2 51. Rd8+ Ke3 52. b8=Q
Qf6+ 53. Ka2 Qxc6 54. Qe5+ 1-0

[Event "XXVIII Festival Conca della Presolana A"]
[Site "Bratto - Castione della Presolana ITA"]
[Date "2008.08.24"]
[Round "3"]
[White "Bassis, Ivano"]
[Black "Castelfranchi, Carlo"]
[Result "0-1"]
[WhiteElo "2021"]
[BlackElo "2088"]
[PlyCount "52"]
[EventDate "2008.08.22"]

1. e4 Nf6 2. d3 d5 3. Nd2 Nc6 4. Ngf3 Bg4 5. c3 Qd6 6. Be2 e6 7. O-O h5 8. Qa4
Bxf3 9. Nxf3 Ng4 10. exd5 Qxd5 11. h3 Bd6 12. hxg4 hxg4 13. Qxg4 O-O-O 14. Bf4
Bxf4 15. Qxf4 Qh5 16. Nh2 Qxe2 17. Nf3 Qxd3 18. Qxf7 Qh7 19. Qxe6+ Kb8 20. Qh3
Qd3 21. Qg4 Qh7 22. Qh3 Qd3 23. Qg4 Rd6 24. Ng5 Rdh6 25. Nh3 Rg6 26. Rad1 Qxf1+
0-1

[Event "XXVIII Festival Conca della Presolana A"]
[Site "Bratto - Castione della Presolana ITA"]
[Date "2008.08.24"]
[Round "3"]
[White "Bellavita, Guido"]
[Black "Zoldan, Matteo"]
[Result "1/2-1/2"]
[WhiteElo "2101"]
[BlackElo "2203"]
[PlyCount "20"]
[EventDate "2008.08.22"]

1. c4 g6 2. g3 Bg7 3. Bg2 d6 4. Nc3 e5 5. d3 Nc6 6. e3 Be6 7. Nge2 Qd7 8. Nd5
Nd8 9. e4 c6 10. Ne3 Ne7 1/2-1/2

[Event "XXVIII Festival Conca della Presolana A"]
[Site "Bratto - Castione della Presolana ITA"]
[Date "2008.08.24"]
[Round "3"]
[White "Bellia, Fabrizio"]
[Black "Godena, Michele"]
[Result "1/2-1/2"]
[WhiteElo "2403"]
[BlackElo "2519"]
[PlyCount "30"]
[EventDate "2008.08.22"]

1. e4 e5 2. Nf3 Nc6 3. Bc4 Bc5 4. c3 Nf6 5. d3 a6 6. O-O d6 7. h3 Ba7 8. Bb3
Ne7 9. Re1 Ng6 10. d4 O-O 11. Nbd2 b5 12. Nf1 Bb7 13. Ng3 c5 14. d5 c4 15. Bc2
Bc8 1/2-1/2

[Event "XXVIII Festival Conca della Presolana A"]
[Site "Bratto - Castione della Presolana ITA"]
[Date "2008.08.24"]
[Round "3"]
[White "Bentivegna, Francesco"]
[Black "Di Fonzo, Valerio"]
[Result "1/2-1/2"]
[WhiteElo "2329"]
[BlackElo "2212"]
[PlyCount "81"]
[EventDate "2008.08.22"]

1. d4 Nf6 2. Bg5 c6 3. Nd2 d5 4. e3 Nbd7 5. f4 g6 6. Bd3 Bg7 7. Ngf3 O-O 8. O-O
h6 9. Bh4 Ng4 10. Qe1 f5 11. h3 Ngf6 12. g4 Ne4 13. gxf5 gxf5 14. Kh2 Kh7 15.
Rg1 Rg8 16. Qe2 Qe8 17. Rg2 Nf8 18. Rag1 Be6 19. Ne5 Bxe5 20. dxe5 Ng6 21. Be1
Qf7 22. Nf3 Nh8 23. Bh4 Rxg2+ 24. Qxg2 Ng6 25. Be1 c5 26. h4 Rg8 27. Qh3 Rg7
28. Be2 Nf8 29. h5 Rxg1 30. Kxg1 Qg7+ 31. Kh2 Bd7 32. c4 dxc4 33. Bxc4 e6 34.
Nd2 Nxd2 35. Bxd2 Bc6 36. Be1 b5 37. Be2 c4 38. Bb4 Nd7 39. Bf1 Nb6 40. Bc5 Nd5
41. Bg2 1/2-1/2

[Event "XXVIII Festival Conca della Presolana A"]
[Site "Bratto - Castione della Presolana ITA"]
[Date "2008.08.24"]
[Round "3"]
[White "Bertagia, Roldano"]
[Black "Nardelli, Marco"]
[Result "0-1"]
[WhiteElo "2019"]
[BlackElo "2113"]
[PlyCount "92"]
[EventDate "2008.08.22"]

1. c4 e5 2. g3 Nc6 3. Bg2 g6 4. Nc3 Bg7 5. d3 Nge7 6. Bg5 h6 7. Bxe7 Nxe7 8. e3
O-O 9. Nge2 c6 10. O-O d6 11. Qb3 Rb8 12. a4 Be6 13. Qc2 d5 14. b3 f5 15. cxd5
cxd5 16. d4 f4 17. gxf4 exd4 18. exd4 Nf5 19. Rad1 Rc8 20. Qd3 a6 21. a5 Qxa5
22. Rfe1 Bf7 23. Na4 Rfe8 24. Nc5 Qb4 25. Bh3 Rc6 26. Bxf5 gxf5 27. Kf1 Qb6 28.
Nd7 Qd8 29. Ne5 Bxe5 30. fxe5 Be6 31. f4 Bf7 32. Qxf5 Qh4 33. Ng3 Qxh2 34. Qd3
Rc2 35. Re2 Rxe2 36. Nxe2 Bh5 37. Rd2 Rf8 38. f5 Bg4 39. f6 Bh3+ 40. Ke1 Qh1+
41. Kf2 Qf1+ 42. Kg3 Kh8 43. Kh4 Bf5 44. Qe3 Qh1+ 45. Kg3 Rg8+ 46. Kf4 Qh4+ 0-1

[Event "XXVIII Festival Conca della Presolana A"]
[Site "Bratto - Castione della Presolana ITA"]
[Date "2008.08.24"]
[Round "3"]
[White "Bonazzi, Edoardo"]
[Black "Jablon, Stephen"]
[Result "1-0"]
[WhiteElo "2163"]
[BlackElo "1994"]
[PlyCount "95"]
[EventDate "2008.08.22"]

1. Nf3 Nc6 2. d4 d5 3. c4 Bg4 4. cxd5 Bxf3 5. dxc6 Bxc6 6. Nc3 Nf6 7. f3 e6 8.
e4 Bb4 9. Be3 Nh5 10. a3 Bxc3+ 11. bxc3 f5 12. Bd3 fxe4 13. fxe4 Nf6 14. O-O
O-O 15. e5 Nd5 16. Qh5 g6 17. Bxg6 hxg6 18. Qxg6+ Kh8 19. Qh6+ Kg8 20. Qxe6+
Kh8 21. Qh6+ Kg8 22. Qg6+ Kh8 23. Bg5 Rxf1+ 24. Rxf1 Qg8 25. Qh5+ Qh7 26. Bh6
Rg8 27. g3 Be8 28. Qh4 Qe7 29. Bg5+ Qh7 30. Bf6+ Nxf6 31. Qxf6+ Qg7 32. c4 Qxf6
33. Rxf6 Kg7 34. Kf2 Rf8 35. Rxf8 Kxf8 36. Ke3 Bf7 37. d5 c6 38. e6 Bg8 39. Kd4
cxd5 40. cxd5 b5 41. Kc5 Ke7 42. Kc6 Kf6 43. Kxb5 Bh7 44. Kc6 Bf5 45. h4 Bg4
46. Kd7 Ke5 47. Kd8 Kxd5 48. e7 1-0

[Event "XXVIII Festival Conca della Presolana A"]
[Site "Bratto - Castione della Presolana ITA"]
[Date "2008.08.24"]
[Round "3"]
[White "Brun, Dario"]
[Black "Sbarra, Marco"]
[Result "1-0"]
[WhiteElo "2245"]
[BlackElo "2236"]
[PlyCount "25"]
[EventDate "2008.08.22"]

1. d4 Nf6 2. c4 e6 3. Nc3 Bb4 4. Qc2 O-O 5. e4 Bxc3+ 6. bxc3 d5 7. e5 Nfd7 8.
Bd3 dxc4 9. Bxh7+ Kh8 10. Nf3 c5 11. Ng5 Qe7 12. Qe4 g6 13. Qh4 1-0

[Event "XXVIII Festival Conca della Presolana A"]
[Site "Bratto - Castione della Presolana ITA"]
[Date "2008.08.24"]
[Round "3"]
[White "Brunello, Sabino"]
[Black "Piscopo, Pierluigi"]
[Result "1/2-1/2"]
[WhiteElo "2482"]
[BlackElo "2389"]
[PlyCount "67"]
[EventDate "2008.08.22"]

1. d4 Nf6 2. c4 c5 3. d5 e6 4. Nc3 exd5 5. cxd5 Bd6 6. Nf3 Bc7 7. e4 d6 8. h3
O-O 9. Bd3 Re8 10. O-O a6 11. a4 Nbd7 12. Bf4 Nf8 13. Nd2 Ng6 14. Bg3 Rb8 15.
f4 Bd7 16. Kh2 b5 17. axb5 axb5 18. Qf3 c4 19. Bc2 Bb6 20. b4 cxb3 21. Bxb3 Rc8
22. Rac1 Ba5 23. Ncb1 Bb4 24. Rxc8 Bxc8 25. Bc2 Qa5 26. Nb3 Qa2 27. Rf2 Be1 28.
Re2 Bxg3+ 29. Kxg3 Qa7 30. Kh2 Bb7 31. Bd3 b4 32. N1d2 Ba6 33. g3 h5 34. Bxa6
1/2-1/2

[Event "XXVIII Festival Conca della Presolana A"]
[Site "Bratto - Castione della Presolana ITA"]
[Date "2008.08.24"]
[Round "3"]
[White "Burmakin, Vladimir"]
[Black "Lanzani, Mario"]
[Result "1/2-1/2"]
[WhiteElo "2625"]
[BlackElo "2349"]
[PlyCount "136"]
[EventDate "2008.08.22"]

1. Nf3 Nf6 2. c4 c5 3. g3 Nc6 4. Bg2 d5 5. cxd5 Nxd5 6. O-O e5 7. Nc3 Nc7 8. a3
f6 9. Rb1 Bf5 10. d3 Qd7 11. Nh4 Bh3 12. Qa4 Bxg2 13. Nxg2 Rb8 14. Be3 b5 15.
Qh4 Be7 16. Qh5+ g6 17. Qh6 Bf8 18. Qh4 f5 19. f4 Be7 20. Qh6 Bf8 21. Qh4 Be7
22. Qh6 Bf8 23. Qh3 Be7 24. fxe5 O-O 25. Ne4 Ne6 26. Nf6+ Bxf6 27. exf6 Ncd4
28. Rf2 Rxf6 29. Qh4 Rf7 30. Bd2 Qe7 31. Qxe7 Rxe7 32. b3 Rb6 33. b4 c4 34.
dxc4 bxc4 35. Ne3 Nc7 36. Nxc4 Nxe2+ 37. Kf1 Rbe6 38. Re1 Nd4 39. Rxe6 Rxe6 40.
Be3 Rc6 41. Na5 Rd6 42. Rd2 Nce6 43. Nb3 Nb5 44. Rxd6 Nxd6 45. a4 a6 46. Ke2
Nc4 47. Ba7 Kf7 48. b5 axb5 49. axb5 Ke7 50. b6 Nd6 51. Na5 Nc5 52. Bb8 Nd7 53.
Bc7 Nb5 54. Nc4 Ke6 55. Bd8 Kd5 56. Na5 Nd4+ 57. Ke3 Ne6 58. Bc7 Nxc7 59. bxc7
Nb6 60. Kf4 Nc8 61. h4 Kd6 62. h5 Kxc7 63. hxg6 hxg6 64. Kg5 Kd6 65. Kxg6 Ke6
66. Nc6 Nd6 67. Nd4+ Ke5 68. Nxf5 Nxf5 1/2-1/2

[Event "XXVIII Festival Conca della Presolana A"]
[Site "Bratto - Castione della Presolana ITA"]
[Date "2008.08.24"]
[Round "3"]
[White "Cardili, Mariano"]
[Black "Piemonti, Carlo"]
[Result "1-0"]
[WhiteElo "2100"]
[BlackElo "2051"]
[PlyCount "137"]
[EventDate "2008.08.22"]

1. d4 Nf6 2. c4 g6 3. Nc3 Bg7 4. e4 d6 5. Nf3 O-O 6. Be2 e5 7. O-O Nc6 8. d5
Ne7 9. Ne1 Nd7 10. Nd3 f5 11. Bd2 Nf6 12. f3 f4 13. Rc1 g5 14. c5 Ng6 15. cxd6
cxd6 16. Nb5 Rf7 17. Qc2 Ne8 18. a4 h5 19. Nf2 Bf8 20. Qb3 Rg7 21. Rc2 Nh4 22.
h3 Nf6 23. Be1 g4 24. fxg4 hxg4 25. Bxg4 Bxg4 26. Nxg4 Nxg4 27. hxg4 Rxg4 28.
Qh3 Qg5 29. Bxh4 Rxh4 30. Qe6+ Kh8 31. Rf3 Qh6 32. Qxh6+ Rxh6 33. Rc7 a6 34.
Na3 Kg8 35. Rxb7 Rh7 36. Rxh7 Kxh7 37. Rb3 Ra7 38. Rb6 Kg6 39. Nc4 Kh5 40. Rb8
Rc7 41. b3 Be7 42. Kf2 Kg4 43. Rg8+ Kh5 44. a5 Rb7 45. Nb6 Rc7 46. Rc8 Bh4+ 47.
Kf3 Rg7 48. Rh8+ Kg5 49. Nc4 Rb7 50. Rg8+ Kf6 51. Nb6 Be1 52. Rd8 Ke7 53. Rh8
Kf6 54. Rd8 Ke7 55. Rh8 Kf6 56. Rh6+ Kg5 57. Rxd6 Bxa5 58. Nc4 Rxb3+ 59. Ke2
Bc3 60. Rxa6 Rb1 61. Re6 Rg1 62. Kd3 Bd4 63. Nxe5 Bxe5 64. Rxe5+ Kg4 65. Re8
Rxg2 66. d6 f3 67. d7 f2 68. Rf8 Rg1 69. Rxf2 1-0

[Event "XXVIII Festival Conca della Presolana A"]
[Site "Bratto - Castione della Presolana ITA"]
[Date "2008.08.24"]
[Round "3"]
[White "Carrara, Diego"]
[Black "D'Apa, Matteo"]
[Result "0-1"]
[WhiteElo "2043"]
[BlackElo "2095"]
[PlyCount "88"]
[EventDate "2008.08.22"]

1. e4 e5 2. Nf3 Nc6 3. Nc3 Bc5 4. Nxe5 Nxe5 5. d4 Bd6 6. dxe5 Bxe5 7. Bd2 d6 8.
Bd3 Ne7 9. Qe2 Be6 10. O-O-O Qd7 11. Bc4 O-O-O 12. Kb1 f5 13. Bxe6 Qxe6 14.
exf5 Qxf5 15. f4 Bxc3 16. Bxc3 Rhe8 17. g3 Nd5 18. Qd2 Nxc3+ 19. Qxc3 Re2 20.
Qd3 Qxd3 21. Rxd3 Rde8 22. Kc1 Rg2 23. Rd2 Ree2 24. Rxe2 Rxe2 25. Kd1 Rg2 26.
b3 b5 27. a3 Kd7 28. Kc1 a5 29. b4 axb4 30. axb4 g6 31. Kb2 c5 32. bxc5 dxc5
33. Kc3 Kc6 34. Kb3 c4+ 35. Kb2 b4 36. Kb1 Kc5 37. f5 gxf5 38. Rf1 Rxh2 39.
Rxf5+ Kd4 40. Rf3 Re2 41. Rf4+ Re4 42. Rf2 Re3 43. g4 Kc3 44. Rf1 Rg3 0-1

[Event "XXVIII Festival Conca della Presolana A"]
[Site "Bratto - Castione della Presolana ITA"]
[Date "2008.08.24"]
[Round "3"]
[White "Cebalo, Miso"]
[Black "Barberi, Alessandro"]
[Result "1-0"]
[WhiteElo "2523"]
[BlackElo "2153"]
[PlyCount "77"]
[EventDate "2008.08.22"]

1. d4 g6 2. c4 Bg7 3. e4 d6 4. Nc3 Nd7 5. Nf3 e5 6. Be2 Ne7 7. O-O h6 8. dxe5
Nxe5 9. Nd4 O-O 10. Be3 f5 11. exf5 Nxf5 12. Nxf5 Bxf5 13. f4 Nc6 14. Qd2 Qd7
15. Rad1 Rae8 16. Bf3 Kh7 17. c5 Bc2 18. Rde1 Rxe3 19. Rxe3 Bd4 20. Bxc6 Bxe3+
21. Qxe3 bxc6 22. cxd6 cxd6 23. Re1 Bf5 24. h3 Rf6 25. Qd4 Qf7 26. Kh2 d5 27.
Re5 Re6 28. Rxe6 Bxe6 29. Na4 Qg7 30. Qxg7+ Kxg7 31. Nc5 Bf5 32. Kg3 g5 33. Kf3
gxf4 34. Kxf4 Kf6 35. g4 Bb1 36. a3 Bc2 37. b4 Bh7 38. Nd7+ Ke6 39. Nf8+ 1-0

[Event "XXVIII Festival Conca della Presolana A"]
[Site "Bratto - Castione della Presolana ITA"]
[Date "2008.08.24"]
[Round "3"]
[White "Cordara, Michele"]
[Black "Scalcione, Michelangelo"]
[Result "0-1"]
[WhiteElo "2146"]
[BlackElo "2398"]
[PlyCount "62"]
[EventDate "2008.08.22"]

1. c4 b6 2. Nc3 c5 3. Nf3 Bb7 4. d4 cxd4 5. Qxd4 Nc6 6. Qd2 Nf6 7. e3 e6 8. Be2
Bb4 9. Qc2 O-O 10. O-O Rc8 11. Rd1 a6 12. Bd2 Ne7 13. Qa4 Bd6 14. e4 Bc6 15.
Qc2 Ng6 16. Be3 Bb8 17. c5 b5 18. b4 Ng4 19. a4 Nh4 20. axb5 axb5 21. h3 Nxf3+
22. Bxf3 Nxe3 23. fxe3 Be5 24. Ra3 Ra8 25. Rda1 Rxa3 26. Rxa3 Qh4 27. Ra1 f5
28. Rf1 Qg3 29. exf5 Bxf3 30. Rxf3 Qe1+ 31. Rf1 Qxe3+ 0-1

[Event "XXVIII Festival Conca della Presolana A"]
[Site "Bratto - Castione della Presolana ITA"]
[Date "2008.08.24"]
[Round "3"]
[White "David, Alberto"]
[Black "Spassov, Liuben D."]
[Result "1/2-1/2"]
[WhiteElo "2568"]
[BlackElo "2428"]
[PlyCount "73"]
[EventDate "2008.08.22"]

1. d4 Nf6 2. c4 e6 3. Nc3 Bb4 4. Qc2 O-O 5. a3 Bxc3+ 6. Qxc3 b6 7. Bg5 Bb7 8.
e3 d6 9. Ne2 Nbd7 10. Qc2 c5 11. Rd1 Qe7 12. Nc3 h6 13. Bh4 cxd4 14. exd4 Rfc8
15. f3 d5 16. cxd5 g5 17. d6 Qxd6 18. Bg3 Qe7 19. Qd2 Nh5 20. Bd3 Nxg3 21. hxg3
Kg7 22. f4 Rh8 23. O-O Raf8 24. Rde1 Qd8 25. Rf2 Nf6 26. fxg5 Ng4 27. Rf4 Qxg5
28. Be4 Bxe4 29. Rexe4 Nf6 30. Re5 Qg6 31. Qe2 h5 32. Rxf6 Kxf6 33. Ne4+ Ke7
34. d5 Rd8 35. Rg5 Qh6 36. dxe6 fxe6 37. Qa6 1/2-1/2

[Event "XXVIII Festival Conca della Presolana A"]
[Site "Bratto - Castione della Presolana ITA"]
[Date "2008.08.24"]
[Round "3"]
[White "De Filomeno, Simone"]
[Black "De Santis, Alessio"]
[Result "1-0"]
[WhiteElo "2102"]
[BlackElo "2295"]
[PlyCount "89"]
[EventDate "2008.08.22"]

1. e4 c5 2. Nf3 e6 3. d4 cxd4 4. Nxd4 a6 5. Nc3 Qc7 6. g3 Nc6 7. Nb3 b5 8. Bg2
Bb7 9. O-O h5 10. Be3 Ne5 11. Bd4 Nc6 12. a4 Nxd4 13. Qxd4 b4 14. Na2 a5 15. c3
Ne7 16. cxb4 Nc6 17. Rfc1 Qd8 18. Rxc6 Bxc6 19. b5 Bb7 20. Rc1 h4 21. b6 hxg3
22. hxg3 f6 23. Rc7 e5 24. Qc3 Rc8 25. Nxa5 Ba6 26. Rxc8 Bxc8 27. b7 Bxb7 28.
Nxb7 Qb8 29. Na5 Bd6 30. b4 Ke7 31. Nc4 Rc8 32. Qb3 Qc7 33. Nxd6 Qxd6 34. Bf1
Qd2 35. b5 d6 36. Nb4 Rc1 37. Nd5+ Kd7 38. b6 Rc2 39. Qe3 Qa5 40. b7 Rb2 41.
Bb5+ Rxb5 42. axb5 Qxb5 43. Qb6 Qxb6 44. Nxb6+ Kc7 45. Nc4 1-0

[Event "XXVIII Festival Conca della Presolana A"]
[Site "Bratto - Castione della Presolana ITA"]
[Date "2008.08.24"]
[Round "3"]
[White "De Haan, Eric"]
[Black "Vinzoni, Andrea"]
[Result "1-0"]
[WhiteElo "2356"]
[BlackElo "2062"]
[PlyCount "47"]
[EventDate "2008.08.22"]

1. d4 d5 2. c4 e6 3. Nc3 Nf6 4. Bg5 Be7 5. Nf3 O-O 6. e3 h6 7. Bxf6 Bxf6 8. Qc2
c5 9. dxc5 dxc4 10. Bxc4 Qa5 11. O-O Bxc3 12. bxc3 Qxc5 13. Bb3 Nc6 14. Rfd1 e5
15. h3 Re8 16. Rab1 Rb8 17. Rd5 Qe7 18. Ba4 Qc7 19. Rbd1 e4 20. Nd4 a6 21. Nxc6
bxc6 22. Rd6 Rb6 23. c4 Bb7 24. c5 1-0

[Event "XXVIII Festival Conca della Presolana A"]
[Site "Bratto - Castione della Presolana ITA"]
[Date "2008.08.24"]
[Round "3"]
[White "De Nardi, Riccardo"]
[Black "Stips, Felix"]
[Result "1-0"]
[WhiteElo "1982"]
[BlackElo "2061"]
[PlyCount "71"]
[EventDate "2008.08.22"]

1. d4 Nf6 2. Bg5 d5 3. Nf3 e6 4. e3 c5 5. c3 Nc6 6. Bd3 Qb6 7. Qc2 c4 8. Be2
Ne4 9. Bf4 Be7 10. Nbd2 Nxd2 11. Nxd2 f5 12. Nf3 Bd7 13. O-O O-O 14. Ne5 Be8
15. b3 g5 16. Nxc6 Qxc6 17. Be5 b5 18. f4 h6 19. b4 a5 20. a3 Bg6 21. Qd1 Ra7
22. Bh5 Qe8 23. Bxg6 Qxg6 24. a4 axb4 25. axb5 Rb7 26. Qa4 Qe8 27. Qa6 Qd7 28.
g4 fxg4 29. f5 bxc3 30. fxe6 Qxb5 31. Rxf8+ Bxf8 32. Qa8 Qb4 33. Qe8 Kh7 34.
Bf6 c2 35. e7 Rxe7 36. Bxe7 1-0